| 000 | 01258cam a2200301 a 4500 | ||
|---|---|---|---|
| 001 | 000015184 | ||
| 005 | 20200929163957.0 | ||
| 008 | 870226s1978 gt a b 000 0 spa c | ||
| 035 | _a(DLC) 87672333 | ||
| 040 |
_aDO-SdBNP _bspa _cBNPHU _dDLC |
||
| 050 | 1 | 4 |
_aF1465.2.Q5 _bF34x 1978 |
| 082 |
_ann _bF194q |
||
| 100 | 1 |
_aFalla, Ricardo, _d1932- _934392 |
|
| 245 | 1 | 0 |
_aQuiché rebelde : _bestudio de un movimiento de conversión religiosa, rebelde a las creencias tradicionales, en San Antonio Ilotenanga, Quiché (1948-1970) / _cRicardo Falla. |
| 260 |
_aSan Carlos : _bUniversitaria de Guatemala, _c1978. |
||
| 300 |
_a574 p. : _bil. ; _c18 cm. |
||
| 490 | 1 |
_a"Realidad nuestra" _v7 |
|
| 500 | _aOriginalmente presentado como tesis del autor (Ph. D. - Universidad de Texas, 1975) bajo el título: La conversión religiosa. | ||
| 504 | _aBibliografía: p. [561]-572. | ||
| 650 | 0 |
_aQuiche indians _xReligion. _934393 |
|
| 650 | 0 |
_aCatholic action _zGuatemala _zQuiche. _934394 |
|
| 650 | 0 |
_aIndians of central america _zGuatemala _zQuiche _xReligion. _934395 |
|
| 650 | 0 |
_aConversion. _934396 |
|
| 610 | 1 | 0 |
_aCatholic Church _zGuatemala _zQuiche. _934397 |
| 830 | 0 |
_a"Realidad nuestra" ; _v7 _934398 |
|
| 910 | _aCatalogación por copia / LC | ||
| 049 | _aBNGR | ||
| 999 |
_c14755 _d14755 |
||